| 000 | 00821nam a2200241Ia 4500 | ||
|---|---|---|---|
| 003 | OSt | ||
| 005 | 20220923220140.0 | ||
| 006 | a|||||r|||| 00| 0 | ||
| 007 | ta | ||
| 008 | 220922b |||||||| |||| 00| 0 hin d | ||
| 024 | _a184,601 | ||
| 037 | _cTextual | ||
| 040 |
_aARTS _cARTS _bhin |
||
| 041 |
_2hin _ahin |
||
| 082 | _aO152,1NNA:g, M6 | ||
| 100 | _aपाण्डेय, रतन कुमार | ||
| 245 | 0 | _aनागार्जुन की काव्य यात्रा | |
| 246 | _aNāgārjun kī kāvya yātrā | ||
| 260 |
_aवाराणासी _b विश्वविद्यालय प्रकाशन _c1986 |
||
| 300 |
_a139 पृ. _ccm. |
||
| 942 |
_hO152,1NNA:g, M6 _cTEXL _2CC |
||
| 999 |
_c337885 _d337885 |
||